Southville International School and Colleges
Your cart is empty.
  • Cart
  • Lists
    Public lists Eva Luna New books Lux_list list_1
    Your lists Log in to create your own lists
  • Log in to your account
  • Your cookies
  • Search history
Southville International School and Colleges
  • Advanced search
  • Recent comments
  • Most popular
  • Libraries

Log in to your account

Log in with GOOGLE


If you do not have an external account, but do have a local account, you can still log in:

  1. Home
  2. MARC view: Pharmacology for nursing care /
Normal view MARC view ISBD view

Pharmacology for nursing care / (Record no. 15679)

[ view plain ]
MARC details
000 -LEADER
fixed length control field 01439cam a22003854a 4500
001 - CONTROL NUMBER
control field 14360059
003 - CONTROL NUMBER IDENTIFIER
control field OSt
005 - DATE AND TIME OF LATEST TRANSACTION
control field 20140310182747.0
008 - FIXED-LENGTH DATA ELEMENTS--GENERAL INFORMATION
fixed length control field 060501s2007 moua b 001 0 eng
010 ## - LIBRARY OF CONGRESS CONTROL NUMBER
LC control number 2006046453
015 ## - NATIONAL BIBLIOGRAPHY NUMBER
National bibliography number GBA651218
Source bnb
016 7# - NATIONAL BIBLIOGRAPHIC AGENCY CONTROL NUMBER
Record control number 101275844
Source DNLM
016 7# - NATIONAL BIBLIOGRAPHIC AGENCY CONTROL NUMBER
Record control number 013480519
Source Uk
020 ## - INTERNATIONAL STANDARD BOOK NUMBER
International Standard Book Number 9812593497
020 ## - INTERNATIONAL STANDARD BOOK NUMBER
International Standard Book Number 0721698433
035 ## - SYSTEM CONTROL NUMBER
System control number (OCoLC)ocm68705599
035 ## - SYSTEM CONTROL NUMBER
System control number (OCoLC)68705599
Canceled/invalid control number (OCoLC)69732894
-- (OCoLC)71872474
040 ## - CATALOGING SOURCE
Original cataloging agency DNLM/DLC
Transcribing agency DLC
Modifying agency NLM
-- BAKER
-- C#P
-- YDXCP
-- UKM
-- OCLCQ
-- MUQ
-- DLC
042 ## - AUTHENTICATION CODE
Authentication code pcc
050 00 - LIBRARY OF CONGRESS CALL NUMBER
Classification number RM 301
Item number .L528 2005
100 1# - MAIN ENTRY--PERSONAL NAME
Personal name Lehne, Richard A.,
Dates associated with a name 1943-
245 10 - TITLE STATEMENT
Title Pharmacology for nursing care /
Statement of responsibility, etc Richard A. Lehne, in consultation with Linda A. Moore, Leanna J. Crosby, Diane B. Hamilton.
250 ## - EDITION STATEMENT
Edition statement 5th ed.
260 ## - PUBLICATION, DISTRIBUTION, ETC. (IMPRINT)
Place of publication, distribution, etc St. Louis, Mo. :
Name of publisher, distributor, etc Saunders Elsevier,
Date of publication, distribution, etc c2005.
300 ## - PHYSICAL DESCRIPTION
Extent xxii, 1354 p. :
Other physical details col. ill. ;
Dimensions 29 cm. +
Accompanying material 1 CD-ROM (4 3/4 in.)
521 ## - TARGET AUDIENCE NOTE
Target audience note
650 #0 - SUBJECT ADDED ENTRY--TOPICAL TERM
Topical term or geographic name as entry element Pharmacology.
650 #0 - SUBJECT ADDED ENTRY--TOPICAL TERM
Topical term or geographic name as entry element Nursing.
650 12 - SUBJECT ADDED ENTRY--TOPICAL TERM
Topical term or geographic name as entry element Drug Therapy
Form subdivision Nurses' Instruction.
650 12 - SUBJECT ADDED ENTRY--TOPICAL TERM
Topical term or geographic name as entry element Pharmacology
Form subdivision Nurses' Instruction.
906 ## - LOCAL DATA ELEMENT F, LDF (RLIN)
a 7
b cbc
c orignew
d 1
e ocip
f 20
g y-gencatlg
942 ## - ADDED ENTRY ELEMENTS (KOHA)
Source of classification or shelving scheme Library of Congress Classification
Koha item type Books
Call number prefix Foreign
Holdings
Withdrawn status Lost status Source of classification or shelving scheme Damaged status Home library Current library Shelving location Date acquired Total Checkouts Full call number Barcode Date last seen Copy number Price effective from Koha item type
    Library of Congress Classification   College Library College Library General Circulation Section 06/29/2012   RM 301 .L528 2005 C14280 05/15/2018 1 03/10/2014 Books

Pharmacology for nursing care /

APA

Lehne R. A., . (2005). Pharmacology for nursing care. St. Louis, Mo: Saunders Elsevier.

Chicago

Lehne Richard A, . 2005. Pharmacology for nursing care. St. Louis, Mo: Saunders Elsevier.

Harvard

Lehne R. A., . (2005). Pharmacology for nursing care. St. Louis, Mo: Saunders Elsevier.

MLA

Lehne Richard A, . Pharmacology for nursing care. St. Louis, Mo: Saunders Elsevier. 2005.

  • Place hold
  • Print
  • Cite
  • Add to your cart (remove)
  • Save record
    BIBTEX Dublin Core MARCXML MARC (non-Unicode/MARC-8) MARC (Unicode/UTF-8) MARC (Unicode/UTF-8, Standard) MODS (XML) RIS
  • More searches
    Search for this title in:
    Other Libraries (WorldCat) Other Databases (Google Scholar) Online Stores (Bookfinder.com) Open Library (openlibrary.org)

Exporting to Dublin Core...

SOUTHVILLE LIBRARY

Southville International School and Colleges Library

1281 Tropical Ave. Cor. Luxembourg St., BF Homes International, Las Pinas City

Tel. No. 8256374 / 252358 Loc. 117/146

Powered by Koha